[Event "San Francisco Grey Memorial"]
[Site "San Francisco"]
[Date "2017.10.03"]
[Round "9"]
[White "Snyder, Larry"]
[Black "Winslow, Elliott C"]
[Result "0-1"]
[WhiteElo "2073"]
[BlackElo "2230"]
[PlyCount "68"]
[EventDate "2017.08.08"]
[EventType "swiss"]
[EventRounds "9"]
[EventCountry "USA"]
[SourceTitle "EXT 2023"]
[Source "ChessBase"]
[SourceDate "2022.10.05"]
[SourceVersion "1"]
[SourceVersionDate "2022.10.05"]
[SourceQuality "1"]

1. Nf3 d6 2. d4 Nf6 3. g3 g6 4. Bg2 Bg7 5. 0-0 0-0 6. c4 Nbd7 7. Nc3 e5 8. dxe5 dxe5 9. e4 c6 10. Qc2 Ne8 11. b3 Nc7 12. Ba3 Re8 13. Rad1 Ne6 14. Rfe1 Qa5 15. Bb2 Nd4 16. Qb1 Nxf3+ 17. Bxf3 Nc5 18. Ne2 Ne6 19. Bc3 Qc7 20. Nc1 Ng5 21. Be2 Qb6 22. Rf1 Bh3 23. Rfe1 f5 24. Bd2 Nxe4 25. Be3 Qc7 26. Qc2 Nf6 27. f3 f4 28. Bf2 e4 29. gxf4 Qxf4 30. Bg3 Qe3+ 31. Bf2 Qg5+ 32. Bg3 Nh5 33. Bf1 Bxf1 34. Rxf1 Nxg3 0-1

[Event "San Francisco Grey Memorial"]
[Site "San Francisco"]
[Date "2017.09.19"]
[Round "7"]
[White "Snyder, Larry"]
[Black "Marcus, Joel"]
[Result "1-0"]
[WhiteElo "2073"]
[BlackElo "1912"]
[PlyCount "89"]
[EventDate "2017.08.08"]
[EventType "swiss"]
[EventRounds "9"]
[EventCountry "USA"]
[SourceTitle "EXT 2023"]
[Source "ChessBase"]
[SourceDate "2022.10.05"]
[SourceVersion "1"]
[SourceVersionDate "2022.10.05"]
[SourceQuality "1"]

1. e4 d6 2. d4 Nf6 3. Nc3 Nbd7 4. Nf3 e5 5. Bc4 Be7 6. 0-0 h6 7. a4 a5 8. Re1 c6 9. h3 Qc7 10. dxe5 dxe5 11. Nh4 Nc5 12. Nf5 Bxf5 13. exf5 0-0 14. Qe2 Rfe8 15. Be3 b6 16. Rad1 e4 17. Bd4 Qf4 18. b3 Qxf5 19. Nb1 Rad8 20. Bb2 Bd6 21. Nd2 Qf4 22. Nf1 Ne6 23. Bxf6 Qxf6 24. Qxe4 Ng5 25. Qg4 Bc5 26. Ne3 Rxd1 27. Qxd1 Rd8 28. Bd3 Ne4 29. Qe2 Ng5 30. Qg4 g6 31. h4 Ne6 32. g3 h5 33. Qe4 Bb4 34. Rd1 Bc5 35. Qxc6 Rd6 36. Qe4 Nd4 37. Kg2 Re6 38. Qf4 Qd8 39. Bc4 Rf6 40. Qe5 Qa8+ 41. Bd5 Qd8 42. c3 Nf5 43. Bxf7+ Kh7 44. Rxd8 Nxe3+ 45. fxe3 1-0

[Event "San Francisco Grey Memorial"]
[Site "San Francisco"]
[Date "2017.08.29"]
[Round "4"]
[White "Torres, Julian"]
[Black "Snyder, Larry"]
[Result "0-1"]
[WhiteElo "1311"]
[BlackElo "2073"]
[PlyCount "120"]
[EventDate "2017.08.08"]
[EventType "swiss"]
[EventRounds "9"]
[EventCountry "USA"]
[SourceTitle "EXT 2023"]
[Source "ChessBase"]
[SourceDate "2022.10.05"]
[SourceVersion "1"]
[SourceVersionDate "2022.10.05"]
[SourceQuality "1"]

1. d4 Nf6 2. Nf3 g6 3. e3 Bg7 4. Bd3 d5 5. 0-0 0-0 6. Re1 c5 7. c3 b6 8. Nbd2 Bb7 9. e4 cxd4 10. e5 dxc3 11. exf6 cxd2 12. fxe7 dxe1Q+ 13. Qxe1 Qd7 14. exf8Q+ Kxf8 15. Be3 Nc6 16. Qd2 Kg8 17. Bh6 Bf6 18. Bg5 Bg7 19. Bh6 Re8 20. Bxg7 Kxg7 21. h4 Qg4 22. Bb5 Ne5 23. Qc3 d4 24. Qxd4 Qxd4 25. Nxd4 Rd8 26. Rd1 Kf6 27. Be2 Nc6 28. Nxc6 Rxd1+ 29. Bxd1 Bxc6 30. Bb3 Be8 31. f4 Kf5 32. g3 Ke4 33. Kf2 f6 34. Bc2+ Kd4 35. Ke2 h6 36. Kf3 Bf7 37. a3 a5 38. f5 g5 39. hxg5 hxg5 40. g4 Bd5+ 41. Ke2 b5 42. Kd2 Bf3 43. Bd3 b4 44. axb4 axb4 45. Be2 Bxe2 46. Kxe2 Ke4 47. Kf2 Kf4 48. b3 Kxg4 49. Kg2 Kxf5 50. Kg3 g4 51. Kg2 Kf4 52. Kf2 g3+ 53. Kg2 f5 54. Kg1 Kf3 55. Kf1 g2+ 56. Kg1 f4 57. Kh2 Kf2 58. Kh3 g1Q 59. Kh4 Qg6 60. Kh3 Qg3# 0-1

[Event "San Francisco TNM Winter op"]
[Site "San Francisco"]
[Date "2009.01.06"]
[Round "1"]
[White "Snyder, Larry"]
[Black "Litowsky, Daniel"]
[Result "1-0"]
[WhiteElo "2055"]
[BlackElo "1700"]
[PlyCount "101"]
[EventDate "2009.01.06"]
[EventType "swiss"]
[EventRounds "8"]
[EventCountry "USA"]
[SourceTitle "EXT 2012"]
[Source "ChessBase"]
[SourceDate "2011.11.24"]
[SourceVersion "1"]
[SourceVersionDate "2011.11.24"]
[SourceQuality "1"]

1. e4 e5 2. Nf3 Nc6 3. d4 exd4 4. Nxd4 Nf6 5. Nxc6 bxc6 6. e5 Nd5 7. Bd3 g6 8. 0-0 Bg7 9. a4 0-0 10. Re1 Re8 11. f4 d6 12. exd6 Rxe1+ 13. Qxe1 cxd6 14. a5 Qf6 15. Qe8+ Bf8 16. Qxc6 Qd4+ 17. Kh1 Rb8 18. Qc4 Qf2 19. Bf1 Bb7 20. Nc3 Nxc3 21. bxc3 Qxc2 22. Be3 Rc8 23. Qb4 Qxc3 24. Qxc3 Rxc3 25. Bxa7 Rc2 26. a6 Be4 27. Kg1 Bg7 28. Rb1 Bf6 29. Be3 Ra2 30. Rb8+ Kg7 31. a7 Ra1 32. Kf2 Ra2+ 33. Be2 h5 34. g3 Kh7 35. Bb6 Kg7 36. Ke3 Bd5 37. Bd3 Ra3 38. Rc8 Rb3 39. Bd4 Ra3 40. Rc7 Bg2 41. Bxf6+ Kxf6 42. Kd4 Ra5 43. Kc3 Ke6 44. Bc4+ d5 45. Bb3 Ra6 46. Kb4 Bf1 47. Kc5 Ra5+ 48. Kb6 Rb5+ 49. Kc6 Rxb3 50. a8Q Rc3+ 51. Kb7 1-0

[Event "San Francisco TNM Fall op"]
[Site "San Francisco"]
[Date "2008.12.02"]
[Round "8"]
[White "Snyder, Larry"]
[Black "Krasnov, Steven Lender"]
[Result "1-0"]
[WhiteElo "2037"]
[BlackElo "1961"]
[PlyCount "39"]
[EventDate "2008.10.14"]
[EventType "swiss"]
[EventRounds "10"]
[EventCountry "USA"]
[SourceTitle "EXT 2012"]
[Source "ChessBase"]
[SourceDate "2011.11.24"]
[SourceVersion "1"]
[SourceVersionDate "2011.11.24"]
[SourceQuality "1"]

1. e4 e6 2. d4 d5 3. Nd2 Nf6 4. e5 Nfd7 5. f4 c5 6. c3 Nc6 7. Ndf3 Qa5 8. Be3 cxd4 9. Bxd4 b5 10. Bd3 b4 11. Ne2 Ba6 12. 0-0 Nc5 13. Bc2 Bxe2 14. Qxe2 Be7 15. f5 0-0 16. f6 gxf6 17. exf6 Bd6 18. Ne5 Nxe5 19. Bxe5 Rfd8 20. Bxd6 1-0

[Event "San Francisco Chernev Memorial"]
[Site "San Francisco"]
[Date "2008.09.16"]
[Round "7"]
[White "Persidsky, Andre"]
[Black "Snyder, Larry"]
[Result "0-1"]
[WhiteElo "1818"]
[BlackElo "2037"]
[PlyCount "46"]
[EventDate "2008.08.05"]
[EventType "swiss"]
[EventRounds "8"]
[EventCountry "USA"]
[SourceTitle "CBM 126 Extra"]
[Source "ChessBase"]
[SourceDate "2008.11.05"]
[SourceVersion "1"]
[SourceVersionDate "2008.11.05"]
[SourceQuality "1"]

1. d4 Nf6 2. c4 g6 3. Nc3 d5 4. e3 Bg7 5. Nf3 0-0 6. Be2 c5 7. 0-0 cxd4 8. exd4 Nc6 9. c5 b6 10. cxb6 Qxb6 11. h3 Bf5 12. g4 Be4 13. Na4 Qb4 14. a3 Qd6 15. Nh2 h6 16. f3 Qg3+ 17. Kh1 Qxh3 18. fxe4 Nxe4 19. Bf4 g5 20. Rc1 Nxd4 21. Bc7 e5 22. Kg1 Qe3+ 23. Kg2 Nxe2 0-1

[Event "San Francisco Chernev Memorial"]
[Site "San Francisco"]
[Date "2008.08.05"]
[Round "1"]
[White "Snyder, Larry"]
[Black "Livschitz, Jennifer"]
[Result "1-0"]
[WhiteElo "2037"]
[BlackElo "1645"]
[PlyCount "99"]
[EventDate "2008.08.05"]
[EventType "swiss"]
[EventRounds "8"]
[EventCountry "USA"]
[SourceTitle "CBM 126 Extra"]
[Source "ChessBase"]
[SourceDate "2008.11.05"]
[SourceVersion "1"]
[SourceVersionDate "2008.11.05"]
[SourceQuality "1"]

1. e4 e5 2. Nf3 Nc6 3. d4 exd4 4. Nxd4 Bc5 5. Nb3 Bb6 6. a4 a5 7. Nc3 Nge7 8. Bb5 0-0 9. 0-0 d6 10. Kh1 Be6 11. Nd5 Ba7 12. Bg5 f6 13. Bh4 Ng6 14. Bg3 Nce5 15. Be2 c6 16. Nc3 Qe7 17. Nd4 Bxd4 18. Qxd4 Rfd8 19. f4 c5 20. Qg1 Nc6 21. f5 Nge5 22. fxe6 Qxe6 23. Nd5 Rac8 24. c3 Kh8 25. Rad1 Ng6 26. Bd3 Nce5 27. Bc2 Ne7 28. Qe3 Nc4 29. Qc1 Re8 30. b3 Ne5 31. Qd2 Nxd5 32. exd5 Qf7 33. c4 Rcd8 34. Rde1 Ng4 35. Rxe8+ Qxe8 36. Re1 Qh5 37. Qxa5 Rg8 38. Qc7 Qg5 39. Qe7 Qd2 40. Qe2 Qxe2 41. Rxe2 Ne5 42. Bf5 Rf8 43. Kg1 g6 44. Be6 Kg7 45. Kf2 h5 46. Ke3 g5 47. Rf2 Re8 48. Bxe5 fxe5 49. Rf7+ Kg6 50. Rxb7 1-0

[Event "Pacific Southwest op 46th"]
[Site "Los Angeles"]
[Date "2006.07.01"]
[Round "1"]
[White "Snyder, Larry"]
[Black "Peters, Jack"]
[Result "0-1"]
[WhiteElo "2033"]
[BlackElo "2440"]
[PlyCount "90"]
[EventDate "2006.07.01"]
[EventType "swiss"]
[EventRounds "7"]
[EventCountry "USA"]
[SourceTitle "CBM 113 Extra"]
[Source "ChessBase"]
[SourceDate "2006.09.14"]
[SourceVersion "1"]
[SourceVersionDate "2006.09.14"]
[SourceQuality "1"]

1. e4 c5 2. c3 d5 3. exd5 Qxd5 4. d4 e6 5. Na3 Nf6 6. Nb5 Qd8 7. Bf4 Nd5 8. Bxb8 Rxb8 9. Nxa7 Bd7 10. a4 Qb6 11. Nb5 cxd4 12. a5 Qd8 13. Nxd4 Ra8 14. Nb3 Bd6 15. Nf3 0-0 16. Be2 Qc7 17. 0-0 Rfd8 18. h3 Nf4 19. Nfd4 e5 20. Nc2 Bc6 21. Ne3 Bc5 22. Qe1 Bxe3 23. fxe3 Nxg2 24. Qg3 Rd6 25. Bh5 Rf8 26. Rad1 Rh6 27. Rf5 f6 28. Nc5 Qe7 29. b4 g5 30. Be2 Nh4 31. Rf2 f5 32. Kh2 Kh8 33. e4 f4 34. Qg4 f3 35. Bc4 Re8 36. Rg1 Rg6 37. Qh5 Qf8 38. Rg4 Qf6 39. Ne6 Rxe6 40. Bxe6 Qxe6 41. Rxg5 Rh6 42. Rxe5 Qd6 43. Qg5 Re6 44. Qxh4 Qxe5+ 45. Qg3 Qxe4 0-1

[Event "San Francisco TNM Summer op"]
[Site "San Francisco"]
[Date "2006.06.27"]
[Round "4"]
[White "Wong, Russell"]
[Black "Snyder, Larry"]
[Result "1/2-1/2"]
[WhiteElo "2200"]
[BlackElo "2042"]
[PlyCount "57"]
[EventDate "2006.06.06"]
[EventType "swiss"]
[EventRounds "8"]
[EventCountry "USA"]
[SourceTitle "EXT 2007"]
[Source "ChessBase"]
[SourceDate "2006.11.23"]
[SourceVersion "1"]
[SourceVersionDate "2006.11.23"]
[SourceQuality "1"]

1. e4 e5 2. Nf3 Nf6 3. Nc3 Bb4 4. d3 d5 5. exd5 Nxd5 6. Bd2 Nc6 7. Nxd5 Bxd2+ 8. Qxd2 Qxd5 9. Be2 h6 10. 0-0 Be6 11. Rfe1 0-0 12. a3 Rad8 13. Qe3 Rfe8 14. Rad1 f6 15. c3 Bf7 16. Nh4 Qd7 17. f4 exf4 18. Qxf4 Ne5 19. d4 Ng6 20. Nxg6 Bxg6 21. Bf3 b6 22. h3 Rxe1+ 23. Rxe1 Re8 24. Rxe8+ Bxe8 25. Qe4 a5 26. Bd1 Bf7 27. Bc2 g6 28. h4 h5 29. Bd3 1/2-1/2

[Event "Memorial Day Classic"]
[Site "Burbank"]
[Date "2006.05.19"]
[Round "1"]
[White "Snyder, Larry"]
[Black "Taylor, Timothy"]
[Result "0-1"]
[WhiteElo "2030"]
[BlackElo "2320"]
[PlyCount "118"]
[EventDate "2006.05.19"]
[EventType "swiss"]
[EventRounds "5"]
[EventCountry "USA"]
[SourceTitle "EXT 2014"]
[Source "ChessBase"]
[SourceDate "2013.11.20"]
[SourceVersion "1"]
[SourceVersionDate "2013.11.20"]
[SourceQuality "1"]

1. e4 Nc6 2. Nf3 d6 3. d4 Nf6 4. Nc3 Bg4 5. Be2 e5 6. Be3 Be7 7. h3 Bxf3 8. Bxf3 exd4 9. Bxd4 Nxd4 10. Qxd4 0-0 11. 0-0-0 Re8 12. e5 dxe5 13. Qxd8 Raxd8 14. Bxb7 Bc5 15. Bc6 Rf8 16. Rxd8 Rxd8 17. Rd1 Bd4 18. Re1 Rd6 19. Ba8 Bxc3 20. bxc3 Nd7 21. Re4 Kf8 22. Rc4 c5 23. Bb7 Rf6 24. f3 Rf4 25. Be4 Rf6 26. Bb7 Rg6 27. f4 exf4 28. Rxf4 Rb6 29. Bd5 Rf6 30. Rxf6 Nxf6 31. Bf3 Ke7 32. Kd2 Kd6 33. Kd3 Nd7 34. Ke3 Ke5 35. Be2 f5 36. Bf3 Nb6 37. Bc6 Nc8 38. Bf3 Nd6 39. Kd3 Kf4 40. Bd5 g5 41. c4 h5 42. Ke2 Kg3 43. Kf1 h4 44. Kg1 g4 45. hxg4 fxg4 46. Kf1 h3 47. gxh3 gxh3 48. Ke2 h2 49. Kf1 Nxc4 50. Ke2 Nd6 51. Bh1 Nf5 52. c3 Kf4 53. Kd3 Ng3 54. Bg2 Ke5 55. Kc4 Kd6 56. Kb5 h1Q 57. Bxh1 Nxh1 58. Ka6 Nf2 59. Kxa7 Ne4 0-1

[Event "San Francisco TNM Winter op"]
[Site "San Francisco"]
[Date "2006.02.07"]
[Round "5"]
[White "Purcell, Brendan"]
[Black "Snyder, Larry"]
[Result "1-0"]
[WhiteElo "1874"]
[BlackElo "2062"]
[PlyCount "59"]
[EventDate "2006.01.10"]
[EventType "swiss"]
[EventRounds "7"]
[EventCountry "USA"]
[SourceTitle "EXT 2007"]
[Source "ChessBase"]
[SourceDate "2006.11.23"]
[SourceVersion "1"]
[SourceVersionDate "2006.11.23"]
[SourceQuality "1"]

1. e4 d5 2. exd5 Qxd5 3. Nc3 Qa5 4. d4 Nf6 5. Nf3 c6 6. Bc4 Bf5 7. Bd2 e6 8. 0-0 Nbd7 9. Re1 Qc7 10. Ne5 Nxe5 11. dxe5 Nd5 12. Nxd5 exd5 13. Bb3 Bd3 14. cxd3 Be7 15. Qg4 g6 16. e6 f6 17. Rac1 0-0 18. h4 f5 19. Qf3 Bd6 20. Bc3 Rae8 21. Qe3 h6 22. Qd4 Qh7 23. Qxa7 f4 24. Qd4 f3 25. g3 Bxg3 26. e7 Rf7 27. Re6 Bxf2+ 28. Kxf2 Rfxe7 29. Rxg6+ Kf8 30. Qf6+ 1-0

[Event "San Francisco MI Fall op"]
[Site "San Francisco"]
[Date "2005.12.06"]
[Round "6"]
[White "Drane, Robert W"]
[Black "Snyder, Larry"]
[Result "0-1"]
[WhiteElo "1843"]
[BlackElo "2070"]
[PlyCount "114"]
[EventDate "2005.11.08"]
[EventType "swiss"]
[EventRounds "8"]
[EventCountry "USA"]
[SourceTitle "EXT 2007"]
[Source "ChessBase"]
[SourceDate "2006.11.23"]
[SourceVersion "1"]
[SourceVersionDate "2006.11.23"]
[SourceQuality "1"]

1. e4 d5 2. Nc3 d4 3. Nce2 e5 4. Nf3 f6 5. Ng3 Be6 6. b3 Nd7 7. Bc4 Bxc4 8. bxc4 Nc5 9. d3 g6 10. 0-0 Qd7 11. Nd2 Ne6 12. Ne2 Bh6 13. Nb3 Bxc1 14. Qxc1 g5 15. Qa3 Ne7 16. Nc5 Nxc5 17. Qxc5 0-0 18. f3 Kf7 19. g4 Qc6 20. Qxc6 Nxc6 21. Ng3 Ne7 22. Kf2 Ke6 23. Rab1 b6 24. Rb3 Rad8 25. Nh5 Rd6 26. Rfb1 Rc6 27. a4 Rc5 28. Rb5 Rxb5 29. Rxb5 Rd8 30. Rb2 Rd6 31. Ke2 Rc6 32. Kd2 Rc5 33. Kc1 Ra5 34. Ra2 a6 35. Kb2 Ng6 36. Ng7+ Kd7 37. Nf5 Ne7 38. Nxe7 Kxe7 39. Kb3 Kd6 40. Kb4 Rc5 41. Ra1 a5+ 42. Kb3 Rc6 43. h4 h6 44. Rh1 Kc5 45. h5 Rd6 46. Rb1 Rd8 47. Ka3 c6 48. Rb3 Rb8 49. Rb2 b5 50. cxb5 cxb5 51. axb5 Rxb5 52. Rxb5+ Kxb5 53. Kb3 a4+ 54. Ka3 Ka5 55. c3 dxc3 56. d4 exd4 57. f4 d3 0-1

[Event "San Francisco MI Fall op"]
[Site "San Francisco"]
[Date "2005.11.22"]
[Round "4"]
[White "Luke, Gary"]
[Black "Snyder, Larry"]
[Result "0-1"]
[WhiteElo "1831"]
[BlackElo "2070"]
[PlyCount "54"]
[EventDate "2005.11.08"]
[EventType "swiss"]
[EventRounds "8"]
[EventCountry "USA"]
[SourceTitle "EXT 2007"]
[Source "ChessBase"]
[SourceDate "2006.11.23"]
[SourceVersion "1"]
[SourceVersionDate "2006.11.23"]
[SourceQuality "1"]

1. e4 d5 2. exd5 Qxd5 3. Nc3 Qa5 4. d4 Nf6 5. Bc4 Bg4 6. f3 Bf5 7. Nge2 e6 8. Bd2 c6 9. Nd5 Qd8 10. Ne3 Bg6 11. Nf4 Qxd4 12. Qe2 Qxb2 13. Rb1 Qxb1+ 14. Kf2 Qb6 15. Bxe6 fxe6 16. Nxe6 Be7 17. Ba5 Qxa5 18. Nc4 Qc3 19. Nc7+ Kf8 20. Rd1 Nbd7 21. Nxa8 b5 22. Nd2 Bc5+ 23. Kg3 Nh5+ 24. Kg4 Ne5+ 25. Qxe5 Qxe5 26. Ne4 Qf5+ 27. Kh4 Be7+ 0-1

[Event "Reno Far West op"]
[Site "Reno"]
[Date "2004.04.10"]
[Round "4"]
[White "Ossipov, Victor"]
[Black "Snyder, Larry"]
[Result "1/2-1/2"]
[WhiteElo "2219"]
[BlackElo "2085"]
[PlyCount "118"]
[EventDate "2004.04.09"]
[EventType "swiss"]
[EventRounds "6"]
[EventCountry "USA"]
[SourceTitle "EXT 2009"]
[Source "ChessBase"]
[SourceDate "2008.11.26"]
[SourceVersion "1"]
[SourceVersionDate "2008.11.26"]
[SourceQuality "1"]

1. d4 Nf6 2. Nf3 g6 3. Bf4 Bg7 4. e3 c5 5. c3 0-0 6. Nbd2 b6 7. a4 d6 8. h3 Bb7 9. Be2 Nbd7 10. 0-0 Ne4 11. Bh2 Ndf6 12. a5 Qc7 13. a6 Bc6 14. Bd3 Rac8 15. Qc2 Nxd2 16. Nxd2 Qd7 17. Rfd1 Ba8 18. Be2 Rc7 19. Bf3 Bxf3 20. Nxf3 Rb8 21. e4 Ne8 22. dxc5 bxc5 23. e5 Rb6 24. Qe2 Rcc6 25. exd6 exd6 26. Ra4 Nc7 27. Rda1 Ne6 28. Bg3 Qc8 29. R1a2 c4 30. Qd1 Rxa6 31. Rxa6 Rxa6 32. Rxa6 Qxa6 33. Bxd6 Qc6 34. Ba3 Bf8 35. Bxf8 Kxf8 36. Qe2 Nf4 37. Qe3 Qc7 38. Ne5 Nd5 39. Qd4 Nb6 40. Ng4 h5 41. Qh8+ Ke7 42. Qf6+ Ke8 43. Ne3 Kf8 44. Qd4 Kg8 45. g4 hxg4 46. hxg4 Kf8 47. g5 Ke7 48. Qe4+ Kf8 49. Ng4 Qe7 50. Qf4 Nd5 51. Qe5 Qxe5 52. Nxe5 Nb6 53. f3 Ke7 54. Kf2 Ke6 55. f4 Na4 56. Nxc4 Kd5 57. b3 Nxc3 58. Ke3 Nb5 59. Kd3 Kc5 1/2-1/2

[Event "American op 39th"]
[Site "Los Angeles"]
[Date "2003.11.29"]
[Round "5"]
[White "Snyder, Larry"]
[Black "Stevens, Lawrence"]
[Result "0-1"]
[WhiteElo "2031"]
[BlackElo "2123"]
[PlyCount "86"]
[EventDate "2003.11.27"]
[EventType "swiss"]
[EventRounds "8"]
[EventCountry "USA"]
[SourceTitle "CBM 097 Extra"]
[Source "ChessBase"]
[SourceDate "2004.01.13"]
[SourceVersion "1"]
[SourceVersionDate "2004.01.13"]
[SourceQuality "1"]

1. e4 c5 2. c3 d5 3. exd5 Qxd5 4. d4 Nf6 5. Nf3 Bg4 6. dxc5 Qxc5 7. Na3 g6 8. Be3 Qc8 9. h3 Bd7 10. Ne5 Bg7 11. Nxd7 Nbxd7 12. Be2 0-0 13. 0-0 Rd8 14. Qb3 Nc5 15. Qb5 Nfd7 16. Rfd1 Qc7 17. Nc4 a6 18. Qb4 b5 19. Na5 Na4 20. Rab1 Rac8 21. Bd2 Nf6 22. c4 Rd4 23. Be3 Nd5 24. Qe1 Nxe3 25. fxe3 Rxd1 26. Bxd1 Nxb2 27. cxb5 axb5 28. Nb3 Bc3 29. Qe2 Qg3 30. Nd4 Nxd1 31. Rxd1 b4 32. Rc1 Qc7 33. Nb5 Qa5 34. Rc2 Rd8 35. Nxc3 bxc3 36. Qc4 Rd1+ 37. Kh2 Qe5+ 38. Qf4 Qc5 39. Qf2 Rd3 40. Qe2 Qe5+ 41. g3 Rxe3 42. Qf2 Rd3 43. Re2 Qd6 0-1

[Event "San Francisco schev"]
[Site "San Francisco"]
[Date "2002.??.??"]
[Round "?"]
[White "Snyder, Larry"]
[Black "Aigner, Michael"]
[Result "0-1"]
[WhiteElo "2090"]
[BlackElo "2158"]
[PlyCount "170"]
[EventDate "2002.06.23"]
[EventType "schev"]
[EventRounds "10"]
[EventCountry "USA"]
[SourceTitle "EXT 2007"]
[Source "ChessBase"]
[SourceDate "2006.11.23"]
[SourceVersion "1"]
[SourceVersionDate "2006.11.23"]
[SourceQuality "1"]

1. e4 e5 2. Nf3 Nc6 3. d4 exd4 4. Nxd4 Nf6 5. Nxc6 bxc6 6. e5 Qe7 7. Qe2 Nd5 8. c4 Ba6 9. b3 g6 10. f4 Bg7 11. Qf2 Nb6 12. Bb2 0-0 13. Nd2 f6 14. Nf3 fxe5 15. fxe5 Bh6 16. Qc2 c5 17. Bd3 Bb7 18. 0-0 Rae8 19. Rae1 Qe6 20. Qf2 Qg4 21. h3 Qh5 22. Be4 Bxe4 23. Rxe4 Qf5 24. Re2 d6 25. Rfe1 Nc8 26. exd6 Rxe2 27. Qxe2 cxd6 28. Qe6+ Qxe6 29. Rxe6 Rd8 30. Kf2 Kf7 31. Re1 Ne7 32. Rd1 a6 33. Rd3 Nc6 34. Bc3 Ke6 35. Nh2 Rf8+ 36. Ke2 Bg5 37. Ng4 Kd7 38. Nh2 Re8+ 39. Kd1 Nb4 40. Bxb4 cxb4 41. Nf3 Be3 42. Ke2 Bc5+ 43. Kd1 a5 44. Nd2 Kc6 45. Nf3 a4 46. Nd2 a3 47. Nf3 Rf8 48. Rd2 Rf6 49. Re2 d5 50. cxd5+ Kxd5 51. Rd2+ Ke4 52. Ke2 Kf4 53. Rd5 Re6+ 54. Kf1 Be7 55. Kf2 Bf6 56. Rb5 Be7 57. g3+ Ke4 58. Ke2 h6 59. Rb7 Bd6 60. Nd2+ Kd4+ 61. Kf2 Kc3 62. Nc4 Bc5+ 63. Kf3 Rf6+ 64. Ke4 Rf2 65. Kd5 Bf8 66. Rb8 Kc2 67. Ne5 Kb1 68. Nd3 Rd2 69. Kc4 Rc2+ 70. Kb5 Bd6 71. Rb6 Bf8 72. Rf6 Rd2 73. Nxb4 Bxb4 74. Kxb4 Kxa2 75. Kc3 Re2 76. b4 Re3+ 77. Kc2 Rxg3 78. h4 Rg4 79. b5 Rc4+ 80. Kd3 Rxh4 81. Rxg6 Rh2 82. b6 h5 83. b7 Rb2 84. Rh6 Rxb7 85. Rxh5 Kb3 0-1

[Event "San Francisco MI op2"]
[Site "San Francisco"]
[Date "2001.05.15"]
[Round "6"]
[White "Steel, David T"]
[Black "Snyder, Larry"]
[Result "1-0"]
[WhiteElo "2068"]
[BlackElo "2084"]
[PlyCount "59"]
[EventDate "2001.04.10"]
[EventType "swiss"]
[EventRounds "7"]
[EventCountry "USA"]
[SourceTitle "EXT 2002"]
[Source "ChessBase"]
[SourceDate "2001.11.25"]
[SourceVersion "1"]
[SourceVersionDate "2001.11.25"]
[SourceQuality "1"]

1. d4 Nf6 2. c4 g6 3. Nc3 d5 4. cxd5 Nxd5 5. e4 Nxc3 6. bxc3 Bg7 7. Nf3 c5 8. Rb1 0-0 9. Be2 Nc6 10. d5 Ne5 11. Nxe5 Bxe5 12. Qd2 e6 13. f4 Bc7 14. 0-0 exd5 15. exd5 Ba5 16. f5 gxf5 17. Rf3 Qd6 18. Rg3+ Kh8 19. Qg5 Bxc3 20. Rxc3 Rg8 21. Qd2 b6 22. Bb2 f6 23. Re1 Bd7 24. Bf3 Rae8 25. Rce3 Rxe3 26. Qxe3 Re8 27. Qf2 Rxe1+ 28. Qxe1 Kg7 29. Qh4 b5 30. Qg5+ 1-0